Normal view
MARC view
- Huarte Cuéllar, Renato
Entry Nombre Personal
001 - NUMERO DE CONTROL
- campo de control: 46073
003 - IDENTIFICADOR DE NUMERO DE CONTROL
- campo de control: UPN
005 - FECHA Y HORA DE LA ÜLTIMA TRANSACCIÓN
- campo de control: 20220920125542.0
008 - DATOS DE LONGITUD FIJA
- campo de control de longitud fija: 220905|| aca||aabn | a|a d
040 ## - FUENTE DE CATALOGACIÓN
- Agencia original de catalogación: MXMxUNAM
- Lenguaje de catalogación: spa
- Agencia de transcripción: MXMxUNAM
- Agencia que lo modifica: MX-MxUPN
- Description conventions: rda
046 ## - FECHAS CON CODIFICACIÓN ESPECIAL
- Fecha de nacimiento: 19791005
100 1# - ENCABEZAMIENTO - NOMBRE PERSONAL
- Nombre personal: Huarte Cuéllar, Renato
370 ## - LUGAR ASOCIADO
- Associated country: México
372 ## - CAMPO DE ACTIVIDAD
- Field of activity: Pedagogía |a Ciencias antropológicas
- Field of activity: Filosofía
373 ## - GRUPO ASOCIADO
- Associated group: Universidad Nacional Autónoma de México. Facultad de Filosofía y Letras. Colegio de Pedagogía
- Uniform Resource Identifier: http://pedagogia.filos.unam.mx/renato-huarte-cuellar/
374 ## - OCUPACIÓN
- Occupation: Profesor universitario
375 ## - GÉNERO
- Gender: masculino
377 ## - LENGUA ASOCIADA
- Language code: spa
- Language code: heb
400 1# - VEÁSE - NOMBRE DE PERSONA
- Personal name: Cuéllar, Renato Huarte,
- Dates associated with a name: 1979-
670 ## - FUENTE EN LA QUE SE LOCALIZARON DATOS
- Cita de la fuente: Manual de ejercicios, 2010:
- Información localizada: portada (Renato Huarte Cuéllar)
902 ## - CATALOGADOR
- Catalogador: NDAF/200922
